Vývoj medzinárodného menového systému bakalárska práca

Na minha lista:
Detalhes bibliográficos
Autor principal: Medveď, Jozef
Autor Corporativo: Národohospodárska fakulta EU. Katedra bankovníctva a medzinárodných financií
Outros Autores: Nemec, Marián
Formato: Livro
Idioma:eslovaco
Publicado em: Bratislava 2018
Tags: Adicionar Tag
Sem tags, seja o primeiro a adicionar uma tag!

MARC

LEADER 00000nbm a2200000 4500
001 0245846
005 20220726104858.7
041 0 |a slo 
044 |a SK 
245 1 0 |a Vývoj medzinárodného menového systému  |b bakalárska práca  |c Jozef Medveď ; školiteľ: Marián Nemec 
264 1 |a Bratislava  |c 2018 
300 |a 46 s. 
100 1 |a Medveď, Jozef 
700 1 |a Nemec, Marián 
710 2 |a Národohospodárska fakulta EU. Katedra bankovníctva a medzinárodných financií